Normal view
MARC view
Entry Término temático
001 - NÚMERO DE CONTROL
- campo de control: 83780
003 - IDENTIFICADOR DEL NÚMERO DE CONTROL
- campo de control: DO-SdBNP
005 - FECHA Y HORA DE LA ÚLTIMA TRANSACCIÓN
- campo de control: 20230717115635.0
008 - DATOS DE LONGITUD FIJA
- campo de control de longitud fija: 230717|| aca||aabn | a|a d
040 ## - FUENTE DE LA CATALOGACIÓN
- Centro catalogador/agencia de origen: DO-SdBNP
- Centro/agencia transcriptor: DO-SdBNP
150 ## - ENCABEZAMIENTO--TÉRMINO DE MATERIA
- Término de materia o nombre geográfico como elemento de entrada: Derecho laboral
- Subdivisión geográfica: República Dominicana
- Subdivisión cronológica: Siglo XX
670 ## - FUENTE DE DATOS ENCONTRADOS
- Cita de la fuente: Work cat.: (DO-SdBNP)49262: Hernández Contreras, Carlos 17540, Jurisprudencia laboral dominicana durante el siglo XX y glosario de temas para búsquedas en el código de trabajo /
